| 000 | 02226njm a2200397Ia 4500 | ||
|---|---|---|---|
| 001 | 24664 | ||
| 003 | IT-RoPAU | ||
| 005 | 20220918181119.0 | ||
| 008 | 131025s9999 xx 000 0 und d | ||
| 040 | _aIT-RoPAU | ||
| 040 | _cIT-RoPAU | ||
| 041 | _aITALIANO | ||
| 999 |
_c99659 _d99659 |
||
| 999 | _bn.d. | ||
| 100 |
_aAA.VV. _9794 |
||
| 100 |
_eAutore musica _911486 |
||
| 100 |
_gCodice autore musica SPICS: 12000 _9796 |
||
| 245 | _aMemoria di Milano | ||
| 250 | _a1a ed. | ||
| 260 | _aTORINO | ||
| 260 |
_bFONIT CETRA _c1972 [1a Ed.:1972] |
||
| 300 | _aDISCO | ||
| 300 | _c62 minuti (Testo: pag.) | ||
| 500 | _aMusica poplare, folk. Canzoni popolari | ||
| 505 | _aEl portafoeuj - Se otto ore - Porta Romana - Pin pin cavallin auliulè - Serafin aveva un zifolo - Santa Caterina - El pover Luisin - Teresina ven debass - La Balilla - Spazzacamino - Donne, donne - Bell'uselin del bosch - Stamattina mi sono alzata - Donna lombarda - Crappapelada - La vilotta - Mamma mia mi sont stuffa - Ragazzine vi prego ascoltare - La roeuda gira (2:00) - Vetrine (2:00) - La nebbia (2:00) - Faceva il palo [(Il palo dell'Ortica) (3:00)] - El me ligera (4:00) | ||
| 650 |
_aFOLK POPOLARE [DISCHI] _eCodice MATERIA SPICS: 9950 _911487 |
||
| 700 |
_aMonti Maria _gCodice interprete SPICS: 13641 _eInterprete _911488 |
||
| 700 |
_aAntonacci _gCodice autore musica SPICS: 27524 _eAutore musica _pLa roeuda gira _911489 |
||
| 700 |
_aSigismondi Carlo _gCodice autore testo/musica SPICS: 8799 _eAutore testo/musica _pLa roeuda gira _911490 |
||
| 700 |
_aMonti Maria _gCodice autore musica SPICS: 13641 _eAutore musica _pVetrine - La nebbia _911491 |
||
| 700 |
_aGaber Giorgio _gCodice autore testo/musica SPICS: 10906 _eAutore testo/musica _pVetrine - La nebbia _911492 |
||
| 700 |
_aValdi Walter _gCodice autore musica SPICS: 13642 _eAutore musica _pFaceva il palo (Il palo dell'Ortica) _911493 |
||
| 700 |
_aJannacci Enzo _gCodice autore testo/musica SPICS: 10956 _eAutore testo/musica _pFaceva il palo (Il palo dell'Ortica) _911494 |
||
| 700 |
_aCarpi Fiorenzo _gCodice autore musica SPICS: 13640 _eAutore musica _pEl me ligera _911495 |
||
| 700 |
_aFo Dario _gCodice autore testo/musica SPICS: 6571 _eAutore testo/musica _pEl me ligera _911496 |
||
| 942 |
_cMD _2ddc |
||